[Event "1st Binhai Cup 2018"]
[Site "Tianjin CHN"]
[Date "2018.12.28"]
[Round "4.11"]
[White "Zhang, Lanlin"]
[Black "Zhu, Jiner"]
[Result "1/2-1/2"]
[BlackTitle "WIM"]
[WhiteElo "2178"]
[BlackElo "2409"]
[WhiteFideId "8608032"]
[BlackFideId "8608059"]
[EventDate "2018.12.25"]

1. e4 e5 2. Nf3 Nc6 3. Bc4 Nf6 4. d3 h6 5. h3 d6 6. O-O Be7 7. c3 O-O 8. b4 Kh8
9. Nbd2 a6 10. a4 Ng8 11. Bb2 f5 12. b5 Na5 13. Ba2 Qe8 14. c4 b6 15. Qe2 Nf6
16. d4 fxe4 17. Nxe4 Nxe4 18. Qxe4 Bf5 19. Qe2 Qh5 20. Bb1 axb5 21. axb5 Bxb1
22. Raxb1 Rf4 23. dxe5 Raf8 24. Nd4 Qxe2 25. Nxe2 Rxc4 26. Ba3 Re8 27. exd6 Bxd6
28. Bxd6 cxd6 29. Rb2 d5 30. Rd1 Rce4 31. Kf1 Nc4 32. Ra2 Rf8 33. Kg1 Rfe8 34.
Kf1 Rf8 1/2-1/2

[Event "1st Binhai Cup 2018"]
[Site "Tianjin CHN"]
[Date "2018.12.28"]
[Round "4.12"]
[White "Popov, Mikhail"]
[Black "Peng, Hongchi"]
[Result "0-1"]
[WhiteTitle "FM"]
[WhiteElo "2388"]
[BlackElo "2273"]
[WhiteFideId "4146182"]
[BlackFideId "8609047"]
[EventDate "2018.12.25"]

1. e4 c5 2. Nf3 e6 3. d4 cxd4 4. Nxd4 Nc6 5. Nc3 Qc7 6. Be3 a6 7. Qd2 Nf6 8.
O-O-O Bb4 9. f3 O-O 10. a3 Be7 11. g4 b5 12. h4 b4 13. axb4 Bxb4 14. h5 Ne5 15.
g5 Ne8 16. Bf4 d6 17. g6 fxg6 18. h6 Rb8 19. hxg7 Nxg7 20. Bxe5 dxe5 21. Nb3
Rxf3 22. Qh6 Ne8 23. Be2 Rf4 24. Rd8 Rf8 25. Bxa6 Nf6 26. Rxc8 Rfxc8 27. Bxc8
Rxc8 28. Qh3 Qc6 29. Rh2 Bxc3 30. bxc3 Rc7 31. Qh4 Nxe4 32. Re2 Nxc3 33. Rf2 Qd6
34. Qh1 e4 35. Qe1 e3 36. Qxe3 Qd1+ 37. Kb2 Qb1+ 38. Ka3 Qa2+ 0-1

[Event "1st Binhai Cup 2018"]
[Site "Tianjin CHN"]
[Date "2018.12.28"]
[Round "4.13"]
[White "Ning, Kaiyu"]
[Black "Chigaev, Maksim"]
[Result "0-1"]
[BlackTitle "GM"]
[WhiteElo "2247"]
[BlackElo "2606"]
[WhiteFideId "8614750"]
[BlackFideId "4108116"]
[EventDate "2018.12.25"]

1. d4 Nf6 2. Nf3 g6 3. c4 Bg7 4. g3 O-O 5. Bg2 d5 6. cxd5 Nxd5 7. O-O Nc6 8. Nc3
Nb6 9. e3 Re8 10. Re1 a5 11. b3 e5 12. dxe5 Nxe5 13. Nd4 Bg4 14. Qc2 c5 15. Nde2
Qd3 16. Qb1 Qa6 17. Bb2 a4 18. h3 Bxe2 19. Nxe2 Nd3 20. Bxg7 Nxe1 21. Bh6 Qxe2
22. Qxe1 Qxe1+ 23. Rxe1 axb3 24. axb3 Re7 25. Rc1 Rc8 26. Ra1 Rd7 27. Ra5 Nd5
28. Rb5 Nc3 29. Rb6 Re8 30. Rf6 Re6 31. Bg5 Rxf6 32. Bxf6 Ne2+ 0-1

[Event "1st Binhai Cup 2018"]
[Site "Tianjin CHN"]
[Date "2018.12.28"]
[Round "4.14"]
[White "Nie, Xinyang"]
[Black "Batchuluun, Tsegmed"]
[Result "1-0"]
[BlackTitle "GM"]
[WhiteElo "2229"]
[BlackElo "2567"]
[WhiteFideId "8607222"]
[BlackFideId "4900847"]
[EventDate "2018.12.25"]

1. d4 Nf6 2. c4 e6 3. Nf3 Bb4+ 4. Bd2 Qe7 5. g3 O-O 6. Bg2 Nc6 7. O-O Bxd2 8.
Nbxd2 d6 9. e4 e5 10. d5 Nb8 11. Ne1 a5 12. Nd3 Na6 13. h3 c6 14. f4 Bd7 15. Re1
Nb4 16. Nf2 exf4 17. gxf4 cxd5 18. a3 Na6 19. cxd5 g6 20. Bf3 Ne8 21. Bg4 Nc5
22. b4 axb4 23. axb4 Rxa1 24. Qxa1 Na6 25. Bxd7 Qxd7 26. Qd4 f5 27. exf5 gxf5
28. Kh2 Rf7 29. Nf3 Re7 30. Rg1+ Rg7 31. Re1 Nac7 32. Ng5 Rg6 33. Nd1 h6 34. Nf3
Qg7 35. Ne3 Kf8 36. Qd3 Qb2+ 37. Re2 Qxb4 38. Nd4 Rf6 39. Nexf5 Qa4 40. Qe4 Qd7
41. Ne7 Rf7 42. Ne6+ Nxe6 43. Ng6+ Kg7 44. dxe6 1-0

[Event "1st Binhai Cup 2018"]
[Site "Tianjin CHN"]
[Date "2018.12.28"]
[Round "4.15"]
[White "Chen, Fan"]
[Black "Li, Yunshan"]
[Result "1-0"]
[WhiteTitle "FM"]
[BlackTitle "WFM"]
[WhiteElo "2370"]
[BlackElo "2196"]
[WhiteFideId "8600767"]
[BlackFideId "8607664"]
[EventDate "2018.12.25"]

1. e4 e5 2. Nf3 Nf6 3. Nxe5 d6 4. Nf3 Nxe4 5. Qe2 Qe7 6. d3 Nf6 7. Nc3 Qxe2+ 8.
Bxe2 g6 9. Bf4 Bg7 10. h3 O-O 11. O-O-O Nc6 12. a3 Ne7 13. Rde1 Nfd5 14. Nxd5
Nxd5 15. Bd2 Bd7 16. Bd1 Rfe8 17. c3 Rxe1 18. Rxe1 Re8 19. Rxe8+ Bxe8 20. c4 Ne7
21. Be3 a6 22. b4 b6 23. g4 Bd7 24. d4 f5 25. g5 Kf7 26. h4 Ke8 27. Kd2 Bc6 28.
d5 Bb7 29. Ba4+ 1-0

[Event "1st Binhai Cup 2018"]
[Site "Tianjin CHN"]
[Date "2018.12.28"]
[Round "4.16"]
[White "Wang, Shixu B"]
[Black "Wang, Zideng"]
[Result "1-0"]
[BlackTitle "CM"]
[WhiteElo "2342"]
[BlackElo "2068"]
[WhiteFideId "8610665"]
[BlackFideId "8614350"]
[EventDate "2018.12.25"]

1. d4 d5 2. c4 dxc4 3. e3 Nf6 4. Bxc4 e6 5. Nf3 c5 6. O-O a6 7. a4 Nc6 8. Nc3
cxd4 9. exd4 Be7 10. Bf4 O-O 11. Qd2 Qa5 12. Rfd1 Rd8 13. Qe2 h6 14. h3 Nb4 15.
Ne5 Nc6 16. Nxc6 bxc6 17. Be5 Bb7 18. Ne4 Ne8 19. b4 Bxb4 20. Qg4 Kh7 21. Rd3 c5
22. Rf3 cxd4 23. Ng5+ Kg8 24. Nxf7 Bxf3 25. Nxh6+ Kh8 26. gxf3 Nf6 27. Nf7+ Kg8
28. Bxf6 Kxf7 29. Qxe6+ 1-0

[Event "1st Binhai Cup 2018"]
[Site "Tianjin CHN"]
[Date "2018.12.28"]
[Round "4.17"]
[White "Bai, Xue"]
[Black "Huang, Renjie"]
[Result "0-1"]
[WhiteElo "2133"]
[BlackElo "2328"]
[WhiteFideId "8608717"]
[BlackFideId "8610134"]
[EventDate "2018.12.25"]

1. e4 c5 2. Nf3 Nc6 3. d4 cxd4 4. Nxd4 g6 5. Be3 Nf6 6. Nc3 Bg7 7. Be2 O-O 8.
O-O d6 9. Kh1 Bd7 10. f4 Rc8 11. Bf3 a6 12. Qd3 Qc7 13. Rad1 b5 14. Nxc6 Bxc6
15. a3 Nd7 16. e5 Bxf3 17. Rxf3 Rfe8 18. Bg1 Nc5 19. Bxc5 Qxc5 20. exd6 exd6 21.
Ne4 Qxc2 22. Nxd6 Red8 23. Nxc8 Qxd1+ 0-1

[Event "1st Binhai Cup 2018"]
[Site "Tianjin CHN"]
[Date "2018.12.28"]
[Round "4.18"]
[White "Chu, Ruotong"]
[Black "Yang, Yijing"]
[Result "1/2-1/2"]
[WhiteTitle "WIM"]
[BlackTitle "WCM"]
[WhiteElo "2261"]
[BlackElo "2035"]
[WhiteFideId "8605653"]
[BlackFideId "8608601"]
[EventDate "2018.12.25"]

1. d4 Nf6 2. Bg5 e6 3. Nf3 d5 4. e3 c5 5. Nbd2 Nc6 6. c3 h6 7. Bh4 Be7 8. Bd3
Nd7 9. Bg3 Bf6 10. O-O e5 11. dxe5 Ndxe5 12. Nxe5 Nxe5 13. Bxe5 Bxe5 14. Nf3 Bf6
15. e4 dxe4 16. Qa4+ Kf8 17. Bxe4 Qc7 18. Rad1 g6 19. Bd5 Bd7 20. Qc4 b5 21. Qe2
Re8 22. Qd3 Rd8 23. Qc2 Kg7 24. Rfe1 Rhe8 25. Qc1 Rxe1+ 26. Rxe1 Bg4 27. Be4 Qd6
28. h3 Bxf3 29. Bxf3 Qd2 30. Qxd2 Rxd2 31. Re2 1/2-1/2

[Event "1st Binhai Cup 2018"]
[Site "Tianjin CHN"]
[Date "2018.12.28"]
[Round "4.19"]
[White "Zhang, Xiao"]
[Black "Maisuradze, Nino"]
[Result "1-0"]
[BlackTitle "WGM"]
[WhiteElo "2017"]
[BlackElo "2248"]
[WhiteFideId "8610894"]
[BlackFideId "13601717"]
[EventDate "2018.12.25"]

1. d4 Nf6 2. c4 e6 3. Nf3 c5 4. g3 cxd4 5. Nxd4 Nc6 6. Bg2 Bc5 7. Nb3 Be7 8. Nc3
d6 9. O-O O-O 10. Bf4 h6 11. Rc1 a6 12. h3 Nh5 13. Be3 f5 14. Na4 f4 15. Bb6 Qe8
16. g4 f3 17. Bxf3 Ne5 18. Nd4 Nxf3+ 19. Nxf3 Nf4 20. Be3 Nxe2+ 21. Qxe2 Qxa4
22. b3 Qe8 23. Rce1 Bd7 24. Bc1 h5 25. Nd2 e5 26. Ne4 hxg4 27. hxg4 Qg6 28. f3
d5 29. cxd5 Bb5 30. Qe3 Bxf1 31. Rxf1 Rad8 32. Rd1 Rf7 33. Bb2 Rdf8 34. Rf1 Bd8
35. Kg2 Bb6 36. Qd3 Re8 37. d6 Rd7 38. g5 Re6 39. Bxe5 Qf5 40. Bg3 Bc5 41. Qc4
b6 42. b4 Rf7 43. bxc5 bxc5 44. Nxc5 Re3 45. d7 Qxg5 46. Ne6 Rxe6 47. Qxe6 Qd2+
48. Rf2 Qxd7 49. Qxd7 Rxd7 50. Rb2 1-0

[Event "1st Binhai Cup 2018"]
[Site "Tianjin CHN"]
[Date "2018.12.28"]
[Round "4.20"]
[White "Wang, Zijian"]
[Black "Wu, huanghui"]
[Result "0-1"]
[WhiteElo "1839"]
[BlackElo "2164"]
[WhiteFideId "8619034"]
[BlackFideId "8623929"]
[EventDate "2018.12.25"]

1. e4 e5 2. Nc3 Nf6 3. Bc4 Nxe4 4. Qh5 Nd6 5. Bb3 Be7 6. Nf3 O-O 7. Nxe5 Bf6 8.
d4 Nc6 9. Nxc6 dxc6 10. Be3 Nf5 11. O-O-O Bxd4 12. Bxd4 Nxd4 13. Qe5 Nxb3+ 14.
axb3 Qf6 15. Qxf6 gxf6 16. Rhe1 Bf5 17. g4 Be6 18. Ne4 f5 19. Nf6+ Kg7 20. g5 b6
21. Rd3 Kg6 22. h4 Rfd8 23. Red1 Rxd3 24. Rxd3 f4 25. Rc3 c5 26. b4 cxb4 27.
Rxc7 h6 28. Ne4 a5 29. gxh6 Kxh6 30. Rc6 Kh5 31. Rxb6 Kxh4 32. Kd2 Kh3 33. Rb5
Kg2 34. Ke1 f5 35. Nf6 Rh8 36. Rxa5 Rh1+ 37. Kd2 Rh6 38. Nd5 f3 39. Nf4+ Kxf2
40. Re5 Bc8 41. Nd3+ Kg3 42. Ke3 Rh2 43. Rc5 Re2+ 44. Kd4 Re4+ 45. Kd5 Ba6 46.
c4 bxc3 47. Rxc3 Re3 48. Nb4 Rxc3 49. bxc3 Bb7+ 50. Kd4 f2 0-1

[Event "1st Binhai Cup 2018"]
[Site "Tianjin CHN"]
[Date "2018.12.28"]
[Round "4.21"]
[White "Li, Yihao"]
[Black "Hu, Zehua"]
[Result "0-1"]
[WhiteElo "1809"]
[BlackElo "2104"]
[WhiteFideId "8616299"]
[BlackFideId "8603472"]
[EventDate "2018.12.25"]

1. e4 c6 2. Nc3 g6 3. d4 d5 4. h3 Bg7 5. Nf3 dxe4 6. Nxe4 Bf5 7. Ng3 Nf6 8. Nxf5
gxf5 9. c3 Nbd7 10. Bd3 e6 11. Bf4 Qb6 12. Qe2 Nd5 13. Bd6 O-O-O 14. O-O c5 15.
Bh2 cxd4 16. cxd4 f4 17. Bc4 N7f6 18. a4 Rd7 19. a5 Qd6 20. a6 b6 21. Ne5 Rc7
22. Rfc1 Kb8 23. Bb5 Rhc8 24. Rxc7 Rxc7 25. Qe1 Ng8 26. Rc1 Bxe5 27. dxe5 Qb4
28. Bd3 Qxb2 29. Rxc7 Kxc7 30. Qe4 Qc1+ 31. Bf1 Nge7 32. Qxh7 Nc3 33. Qd3 Ned5
34. h4 Kd7 35. h5 Ke7 36. Qc4 Kf8 37. Kh1 Kg7 38. g4 f3 39. Bg1 b5 40. Qd3 Nf4
41. Qxf3 Qxf1 42. Qxf4 Qxg1+ 43. Kxg1 Ne2+ 44. Kf1 Nxf4 0-1

[Event "1st Binhai Cup 2018"]
[Site "Tianjin CHN"]
[Date "2018.12.28"]
[Round "4.22"]
[White "Li, Haoyu B."]
[Black "Wang, Xiaoyan"]
[Result "1-0"]
[WhiteElo "2100"]
[BlackElo "1943"]
[WhiteFideId "8610169"]
[BlackFideId "8623015"]
[EventDate "2018.12.25"]

1. e4 c5 2. Nf3 d6 3. d4 cxd4 4. Nxd4 Nf6 5. Nc3 e6 6. g4 h6 7. g5 hxg5 8. Bxg5
Qa5 9. Qd2 Nc6 10. Nb3 Qb4 11. a3 Qb6 12. O-O-O a6 13. Kb1 Bd7 14. f4 Ng4 15. f5
f6 16. Be2 Nce5 17. h3 Nh6 18. Be3 Qc7 19. Nd4 Qc8 20. fxe6 Bc6 21. Rhg1 g6 22.
e7 Kxe7 23. Nxc6+ bxc6 24. Qxd6+ Kf7 25. Qd4 Be7 26. Bf4 Rb8 27. Bxe5 fxe5 28.
Qxe5 Bf6 29. Rdf1 Ng8 30. Bc4+ Kg7 31. Rxf6 Rxb2+ 32. Ka1 Nxf6 33. Qe7+ Kh6 34.
Qxf6 1-0

[Event "1st Binhai Cup 2018"]
[Site "Tianjin CHN"]
[Date "2018.12.28"]
[Round "4.24"]
[White "Yu, Lei"]
[Black "Zhong, Kangmin"]
[Result "1-0"]
[WhiteElo "2074"]
[BlackElo "1825"]
[WhiteFideId "8620733"]
[BlackFideId "8618887"]
[EventDate "2018.12.25"]

1. d4 d5 2. Nf3 Nf6 3. Bf4 c5 4. c3 Nc6 5. e3 Qb6 6. Qb3 c4 7. Qxb6 axb6 8. Na3
Bf5 9. Nh4 e6 10. Nxf5 exf5 11. Nc2 Kd7 12. g3 Bd6 13. Bh3 g6 14. Bg5 Ne4 15.
Bh4 Be7 16. f3 Nd6 17. Bxe7 Kxe7 18. a3 h5 19. O-O Rhe8 20. Bg2 f6 21. h4 Kf7
22. Rae1 Re7 23. Rf2 Rae8 24. Ref1 Kg7 25. Kh2 Rf8 26. Bh1 g5 27. f4 gxh4 28.
Bxd5 hxg3+ 29. Kxg3 Ne4+ 30. Bxe4 fxe4 31. Kh4 Kg6 32. Rg2+ Kh6 33. Rfg1 Rd7 34.
Rg6+ Kh7 35. Kxh5 Rd5+ 36. Kh4 Rf7 37. Nb4 Rb5 38. Nxc6 bxc6 39. R6g2 Rd7 40.
Rf1 Rdd5 41. Kg4 Kg6 42. Rh2 Rh5 43. Rxh5 Rxh5 44. f5+ Kh6 45. Rf4 Rg5+ 46. Kh3
b5 47. Rxe4 Rxf5 48. Kg3 Rg5+ 49. Rg4 f5 50. Rxg5 Kxg5 51. Kf3 Kg6 52. e4 1-0

[Event "1st Binhai Cup 2018"]
[Site "Tianjin CHN"]
[Date "2018.12.28"]
[Round "4.25"]
[White "Jiang, Qinyu"]
[Black "Mi, Tenglong"]
[Result "1-0"]
[WhiteElo "2037"]
[BlackElo "1717"]
[WhiteFideId "8612927"]
[BlackFideId "8623627"]
[EventDate "2018.12.25"]

1. e4 e5 2. Nf3 Nc6 3. Bb5 Nf6 4. O-O Nxe4 5. d4 Nd6 6. Bxc6 dxc6 7. dxe5 Nf5 8.
Qxd8+ Kxd8 9. Nc3 Ke8 10. Rd1 Be7 11. h3 h6 12. g4 Nh4 13. Nxh4 Bxh4 14. Be3 Bg5
15. Bxg5 hxg5 16. Kg2 Ke7 17. Ne4 Be6 18. Nxg5 Rad8 19. Nxe6 fxe6 20. Kg3 Rxd1
21. Rxd1 Rd8 22. Rxd8 Kxd8 23. Kf4 Ke7 24. Kg5 Kf7 25. h4 c5 26. h5 b6 27. h6
gxh6+ 28. Kxh6 Kg8 29. Kg6 Kf8 30. Kh7 Kf7 31. g5 1-0

[Event "1st Binhai Cup 2018"]
[Site "Tianjin CHN"]
[Date "2018.12.28"]
[Round "4.27"]
[White "Chen, KaiLin"]
[Black "Wu, David Tai-Wei"]
[Result "1-0"]
[WhiteElo "2016"]
[BlackElo "1630"]
[WhiteFideId "8620954"]
[BlackFideId "16301765"]
[EventDate "2018.12.25"]

1. e4 e5 2. Nf3 Nc6 3. Bb5 a6 4. Ba4 Nf6 5. O-O Nxe4 6. d4 b5 7. Bb3 d5 8. dxe5
Be6 9. c3 Be7 10. Nbd2 Nc5 11. Bc2 d4 12. cxd4 Nxd4 13. Nxd4 Qxd4 14. Nf3 Qxd1
15. Rxd1 O-O 16. Nd4 Rfd8 17. Nc6 Rxd1+ 18. Bxd1 Bf8 19. Bf3 Re8 20. b3 Bd7 21.
Bf4 Ne6 22. Rd1 Bxc6 23. Bxc6 Rd8 24. Rxd8 Nxd8 25. Bd7 Bc5 26. Bc8 a5 27. Bd7
Ne6 28. Bd2 b4 29. Kf1 Kf8 30. Bb5 Ke7 31. Bc4 Bd4 32. f4 Nc5 33. Ke2 Ne4 34.
Kd3 Nxd2 35. Kxd4 Nb1 36. Bd3 Nc3 37. a4 g6 38. Kc5 f6 39. exf6+ Kxf6 40. Kc6
Ke6 41. g4 Kf6 42. f5 g5 43. Kxc7 Nd5+ 44. Kc6 Ke5 45. Kb5 Nf6 46. h3 h5 47.
gxh5 Nxh5 48. Kxa5 Kd4 49. Bc4 Kc5 50. Ka6 Kc6 51. Bb5+ Kc5 52. Kb7 Nf6 53. Bc4
Ne8 54. Be6 Nd6+ 55. Kc7 1-0

[Event "1st Binhai Cup 2018"]
[Site "Tianjin CHN"]
[Date "2018.12.28"]
[Round "4.28"]
[White "Lu, Miaoyi"]
[Black "Stones, Rebecca"]
[Result "0-1"]
[WhiteElo "1737"]
[BlackElo "1792"]
[WhiteFideId "8618020"]
[BlackFideId "3208281"]
[EventDate "2018.12.25"]

1. d4 Nf6 2. c4 e5 3. dxe5 Ng4 4. Nf3 Bc5 5. e3 Nc6 6. Be2 Ngxe5 7. Nxe5 Nxe5 8.
O-O O-O 9. Nc3 d6 10. b3 Qh4 11. Bb2 Be6 12. Na4 Bb6 13. c5 Ba5 14. cxd6 Ng6 15.
g3 Qh6 16. Bf3 Rad8 17. Bxb7 Rxd6 18. Qf3 Rb8 19. Rfd1 Qg5 20. Rxd6 cxd6 21. Rc1
h5 22. Qc6 Qe7 23. Ba6 h4 24. Ba3 hxg3 25. hxg3 Bd7 26. Qxd6 Qxd6 27. Bxd6 Rd8
28. Bc7 Bxc7 29. Rxc7 Ne5 30. Nc5 Bg4 31. Bf1 Rd1 32. Ne4 Be2 33. Nc3 Rxf1+ 34.
Kg2 Rc1 35. f4 Bf3+ 36. Kf2 0-1

[Event "1st Binhai Cup 2018"]
[Site "Tianjin CHN"]
[Date "2018.12.29"]
[Round "5.1"]
[White "Ganguly, Surya Shekhar"]
[Black "Zhao, Jun"]
[Result "1/2-1/2"]
[WhiteTitle "GM"]
[BlackTitle "GM"]
[WhiteElo "2621"]
[BlackElo "2607"]
[WhiteFideId "5002150"]
[BlackFideId "8602522"]
[EventDate "2018.12.25"]

1. e4 c5 2. Nf3 Nc6 3. Nc3 Nf6 4. Bb5 Qc7 5. O-O Nd4 6. Re1 a6 7. Bf1 e5 8. d3
Be7 9. Bg5 d6 10. Bxf6 Bxf6 11. Nd5 Qd8 12. Nd2 Be6 13. Nc4 Bg5 14. a4 O-O 15.
Ncb6 Rb8 16. c3 Nc6 17. g3 Bxd5 18. Nxd5 Ne7 19. Qb3 b5 20. axb5 Rxb5 21. Qc2
Nxd5 22. exd5 Rb6 23. d4 exd4 24. cxd4 Bf6 25. dxc5 Rxb2 26. Qc4 dxc5 27. Qxc5
Rd2 28. Red1 Qxd5 29. Qxd5 Rxd5 30. Rxd5 Bxa1 31. Bxa6 Bf6 1/2-1/2

[Event "1st Binhai Cup 2018"]
[Site "Tianjin CHN"]
[Date "2018.12.29"]
[Round "5.2"]
[White "Fier, Alexandr"]
[Black "Idani, Pouya"]
[Result "1-0"]
[WhiteTitle "GM"]
[BlackTitle "GM"]
[WhiteElo "2558"]
[BlackElo "2611"]
[WhiteFideId "2107139"]
[BlackFideId "12510130"]
[EventDate "2018.12.25"]

1. e4 c5 2. Nf3 d6 3. d4 cxd4 4. Nxd4 Nf6 5. Nc3 Nc6 6. f3 e5 7. Nb3 Be7 8. Be3
O-O 9. Qd2 a5 10. Bb5 Na7 11. Bd3 Be6 12. Rd1 Nc8 13. O-O a4 14. Nc1 Nb6 15. Qf2
Nfd7 16. a3 Ra5 17. N1a2 Bxa2 18. Nxa2 Bg5 19. Bxg5 Qxg5 20. Nb4 Nc5 21. Be2 Qe7
22. Rd2 Rd8 23. Rfd1 Qc7 24. Bf1 Ne6 25. c3 g6 26. g3 Nc5 27. Nd5 Nxd5 28. Rxd5
Kg7 29. Kg2 Raa8 30. Bb5 h5 31. h4 Qb6 32. Bc4 Qc7 33. Ba2 Ra6 34. R1d2 Nd7 35.
Qe2 Nf6 36. Rb5 Rc8 37. Qd1 Qc6 38. Rb4 b5 39. c4 bxc4 40. Bxc4 Rb6 41. Rxa4 Qc5
42. Ba2 Qe3 43. Ra7 d5 44. Qe2 Qxe2+ 45. Rxe2 d4 46. Rxf7+ Kh6 47. Rd2 Rcb8 48.
b4 Ra8 49. Rd3 Rc6 50. Kh3 Rac8 51. b5 Rc1 52. Bb3 Ne8 53. b6 Rh1+ 54. Kg2 Rb1
55. g4 hxg4 56. fxg4 g5 57. hxg5+ Kg6 58. b7 1-0

[Event "1st Binhai Cup 2018"]
[Site "Tianjin CHN"]
[Date "2018.12.29"]
[Round "5.3"]
[White "Zeng, Chongsheng"]
[Black "Tabatabaei, M.amin"]
[Result "1-0"]
[WhiteTitle "GM"]
[BlackTitle "GM"]
[WhiteElo "2535"]
[BlackElo "2587"]
[WhiteFideId "8603847"]
[BlackFideId "12521213"]
[EventDate "2018.12.25"]

1. e4 c5 2. Nf3 Nc6 3. d4 cxd4 4. Nxd4 Nf6 5. Nc3 e5 6. Ndb5 d6 7. Bg5 a6 8.
Bxf6 gxf6 9. Na3 b5 10. Nd5 f5 11. c3 Bg7 12. exf5 Bxf5 13. Nc2 O-O 14. Nce3 Be6
15. Bd3 f5 16. Qh5 e4 17. Bc2 Ne7 18. Rd1 b4 19. cxb4 Rc8 20. Bb3 Ng6 21. O-O f4
22. Nc4 Rxc4 23. Bxc4 f3 24. g3 Ne5 25. Bb3 Kh8 26. Ne3 Bxb3 27. axb3 Nd3 28.
Qd5 Qe7 29. Rxd3 exd3 30. Rd1 Bxb2 31. Rxd3 Be5 32. Ng4 h5 33. Nxe5 Qxe5 34.
Qxe5+ dxe5 35. Re3 Rf5 36. Re4 Kg7 37. Kf1 Kf6 38. Ke1 Ke6 39. Kd2 Rf8 40. Ke3
Rc8 41. Rc4 Rd8 42. Kxf3 Kf5 43. Ke2 Rd6 44. h3 Rd7 45. f3 Rd6 46. Ke3 Rd1 47.
g4+ hxg4 48. hxg4+ Ke6 49. Rc6+ Kd5 50. Rxa6 Rb1 51. Ra5+ Ke6 52. Ke4 Re1+ 53.
Kd3 Rf1 54. Ra6+ Kd5 55. Rf6 Rb1 56. Kc2 Rf1 57. b5 Kd4 58. b6 Rf2+ 59. Kc1 1-0

[Event "1st Binhai Cup 2018"]
[Site "Tianjin CHN"]
[Date "2018.12.29"]
[Round "5.4"]
[White "Sivuk, Vitaly"]
[Black "Liu, Yan"]
[Result "1/2-1/2"]
[WhiteTitle "GM"]
[BlackTitle "GM"]
[WhiteElo "2542"]
[BlackElo "2495"]
[WhiteFideId "14116502"]
[BlackFideId "8608962"]
[EventDate "2018.12.25"]

1. Nf3 Nf6 2. g3 b5 3. Bg2 Bb7 4. d3 e6 5. O-O c5 6. e4 d6 7. a4 b4 8. Nbd2 Nc6
9. Nc4 Be7 10. e5 Nxe5 11. Nfxe5 Bxg2 12. Nxf7 Kxf7 13. Kxg2 Qd7 14. f4 Qc6+ 15.
Kg1 h5 16. Qe2 Rae8 17. b3 Nd7 18. Bb2 Bf6 19. Ne5+ dxe5 20. fxe5 Rh6 21. exf6
gxf6 22. Rf4 Rg8 23. Rh4 Rg5 24. Rf1 Qd5 25. d4 Rhg6 26. dxc5 Qxc5+ 27. Qf2 a5
28. Rd1 Qxf2+ 29. Kxf2 Nb6 30. Rd6 Rc5 31. Rxb6 Rxc2+ 32. Kg1 Rxb2 33. Rb7+ Kg8
34. Rxh5 f5 1/2-1/2

[Event "1st Binhai Cup 2018"]
[Site "Tianjin CHN"]
[Date "2018.12.29"]
[Round "5.5"]
[White "Peng, Hongchi"]
[Black "Li, Yankai"]
[Result "1/2-1/2"]
[WhiteElo "2273"]
[BlackElo "2427"]
[WhiteFideId "8609047"]
[BlackFideId "8609357"]
[EventDate "2018.12.25"]

1. e4 c5 2. Nf3 d6 3. d4 cxd4 4. Nxd4 Nf6 5. Nc3 a6 6. Be3 e5 7. Nb3 Be6 8. Qd2
Be7 9. O-O-O Ng4 10. Kb1 Nd7 11. g3 b5 12. f4 b4 13. Na4 Nxe3 14. Qxe3 Qc7 15.
f5 Bc4 16. Bxc4 Qxc4 17. Nd2 Qb5 18. b3 Rc8 19. Qd3 O-O 20. Nc4 Rc6 21. Ne3 Rfc8
22. Nd5 Kf8 23. Nb2 Nf6 24. Nxf6 Bxf6 25. Qxb5 axb5 26. Rd2 d5 27. exd5 Rd6 28.
Re1 Ra8 29. Re4 Bg5 30. Rd1 Rad8 1/2-1/2

[Event "1st Binhai Cup 2018"]
[Site "Tianjin CHN"]
[Date "2018.12.29"]
[Round "5.6"]
[White "Lu, Shanglei"]
[Black "Sethuraman, S.P."]
[Result "0-1"]
[WhiteTitle "GM"]
[BlackTitle "GM"]
[WhiteElo "2636"]
[BlackElo "2664"]
[WhiteFideId "8603332"]
[BlackFideId "5021596"]
[EventDate "2018.12.25"]

1. e4 e5 2. Nf3 Nc6 3. Bc4 Bc5 4. d3 Nf6 5. c3 d6 6. Bg5 h6 7. Bh4 a6 8. a4 Ba7
9. Nbd2 g5 10. Bg3 Qe7 11. Nf1 Be6 12. Qe2 O-O-O 13. Bxe6+ Qxe6 14. Ne3 d5 15.
Nf5 Nh5 16. Nd2 Nf4 17. Bxf4 exf4 18. f3 Ne7 19. Nxe7+ Qxe7 20. d4 c5 21. dxc5
Bxc5 22. O-O-O f5 23. Kb1 Rhe8 24. Rhe1 fxe4 25. fxe4 dxe4 26. Qc4 Kb8 27. Rxe4
Qh7 28. Kc1 Be3 29. Rxe8 Rxe8 30. Qe2 Rd8 31. b3 g4 32. Kb2 Qd7 33. Kc2 Qf5+ 34.
Kb2 Qd5 35. Kc2 Qc6 36. Kb2 Qd5 37. Kc2 h5 38. h3 Qf5+ 39. Kb2 Qd7 40. Kc2 gxh3
41. gxh3 Qxh3 42. Nf3 Rg8 43. Ne1 h4 44. b4 Qe6 45. c4 h3 46. Kb3 Qe4 47. Qh5
Rg3 48. Rd8+ Ka7 49. Nd3 Bb6 0-1

[Event "1st Binhai Cup 2018"]
[Site "Tianjin CHN"]
[Date "2018.12.29"]
[Round "5.7"]
[White "Chigaev, Maksim"]
[Black "Chen, Fan"]
[Result "1/2-1/2"]
[WhiteTitle "GM"]
[BlackTitle "FM"]
[WhiteElo "2606"]
[BlackElo "2370"]
[WhiteFideId "4108116"]
[BlackFideId "8600767"]
[EventDate "2018.12.25"]

1. e4 c5 2. Nf3 d6 3. d4 cxd4 4. Nxd4 Nf6 5. Nc3 a6 6. Be3 e5 7. Nf3 Be7 8. Bc4
O-O 9. O-O Be6 10. Bb3 b5 11. Qe2 Qc8 12. Bg5 Nbd7 13. Rfd1 Re8 14. Bxf6 Nxf6
15. Nd5 Nxd5 16. Bxd5 Rb8 17. c3 Rd8 18. h3 Rd7 19. Ne1 b4 20. cxb4 Bxd5 21.
Rxd5 Rxb4 22. b3 Rc7 23. Rad1 h6 24. Kh2 Rc6 25. g3 h5 26. Kg2 g6 27. h4 Bf8 28.
R5d2 Qg4 29. f3 Qc8 30. Nc2 Rbb6 31. Na3 Bh6 32. Rd5 Bc1 33. Nc4 Rxc4 34. Qxc4
Rc6 35. Rxc1 Rxc4 36. Rxc4 Qd7 37. Rc2 f5 38. exf5 Qxf5 39. Rc6 Qb1 40. Rcxd6
Qxa2+ 41. Rd2 Qb1 42. Rxa6 Kf7 43. Ra7+ Ke6 44. Rb7 Qe1 45. Rbd7 e4 46. f4 g5
47. R2d6+ Kf5 48. Rd5+ Ke6 49. R5d6+ Kf5 50. Rd5+ Ke6 51. f5+ Kf6 52. hxg5+ Kxg5
53. Rg7+ Kf6 54. Rg6+ Kf7 55. Rd7+ Ke8 56. Rb7 Kf8 57. Rb8+ Kf7 58. Rb7+ Kf8 59.
Rb8+ Kf7 60. Rb7+ Kf8 61. Rf6+ Kg8 62. Rb8+ Kg7 63. Rg6+ Kf7 64. Rb7+ Kf8 1/2-1/2